| 000 | 00714nam a22001817a 4500 | ||
|---|---|---|---|
| 999 |
_c14890 _d14890 |
||
| 003 | OSt | ||
| 082 | _2664 ATH/DE | ||
| 088 | _aP374 | ||
| 100 |
_aATHIRA V.A _aJASIDA KHALID _aJISMI JOB _aJOHNSY K.J _aJUGNU HAMEED _93954 |
||
| 245 | _aDevelopment and Performance Evaluation of Power Operated Plant Peeler | ||
| 260 |
_aTavanur 2017 _bDepartment of Food and Agricultural Process Engineering |
||
| 300 | _a50 | ||
| 500 | _aDevelopment and Performance Evaluation of Power Operated Plant Peeler | ||
| 520 | _aDevelopment and Performance Evaluation of Power Operated Plant Peeler | ||
| 700 |
_aDr. Rajesh G.K (Guide) _93598 |
||
| 856 | _uhttps://drive.google.com/open?id=1hCiLqFckhRFeCarj1959YSIsJSDtCoVf | ||
| 942 | _cPR | ||